Movies Quiz

Random Movies or Actor Quiz

One Role, 2 Actors (Themed) 25 Quiz Stats

 Plays Quiz not verified by Sporcle

Support Sporcle.
Go Orange.
Score 0/11 Timer 04:00
0 Plays Today
The Actors The Role % Correct
Walter Huston (AL), Daniel Day-Lewis (L)Abraham Lincoln
93.2%
J.S. Casshyap (NHTR), Ben Kingsley (G)Mahatma Gandhi
83.8%
Janet Leigh (P), Anne Heche (P)Marion Crane
47.3%
THE THEMEMURDER VICTIMS
35.1%
Jay Robinson (TR), Malcolm McDowell (C)Caligula
35.1%
Kenneth Williams (COC), John Gielgud (JC)Julius Caesar
33.8%
Gary Oldman (J), Willie Garson (R)Lee Harvey Oswald
31.1%
William B. Davidson (F), Christopher Plummer (TDTSTW)Archduke Franz Ferdinand
24.3%
Lionel Barrymore (RTMM), Christopher Lee (RTMM)Grigori Rasputin
20.3%
Tina Martin (TMF), Suzi Lorraine (HOM)Sharon Tate
18.9%
Paul Daneman (OWALW), Michael Jayston (NAA)Tsar Nicholas II
18.9%

You're not logged in!

Compare scores with friends on all Sporcle quizzes.
OR
Log In

From the Vault

Music Groups Grab Bag

by BillyJoelRulez

Combine all these answers together, and you'll have Sporcle's version of a super group.
Remove Ads.
Support Sporcle.
Get the best of Sporcle when you Go Orange. This ad-free experience offers more features, more stats, and more fun while also helping to support Sporcle. Thank you for becoming a member.

Show Comments

Extras

Top Quizzes Today


Score Distribution

Your Account Isn't Verified!

In order to create a playlist on Sporcle, you need to verify the email address you used during registration. Go to your Sporcle Settings to finish the process.

Report this User

Report this user for behavior that violates our Community Guidelines.

Details: